| 000 | 00469nam a22001457a 4500 | ||
|---|---|---|---|
| 008 | 160805b xxu||||| |||| 00| 0 eng d | ||
| 020 | _a0310243068 | ||
| 050 | _aSPE BV 4528.2 .M69 1999 | ||
| 100 |
_aMorley, Patrick. _d1999. |
||
| 245 |
_aTen secrets for the man in the mirror. _cPatrick Morley |
||
| 260 |
_aUSA; _bZondervan, _c1999. |
||
| 300 | _a175 p. | ||
| 650 | _aReligious life. | ||
| 942 |
_2lcc _cBOOKS _hSPE BV 4528.2 .M69 1999 _02 |
||
| 999 |
_c12565 _d12565 |
||